| 000 | 00469nam a22001817a 4500 | ||
|---|---|---|---|
| 003 | CEME | ||
| 005 | 20210628210503.0 | ||
| 008 | 210208b xxu||||| |||| 00| 0 eng d | ||
| 020 | _a0-306-30857-6 | ||
| 040 | _c. | ||
| 082 | _a621.366 DUR | ||
| 100 |
_aDurrani, Tariq.S Greated, Clive.A _979585 |
||
| 245 | _aLaser systems in flow measurement | ||
| 260 |
_aNEW YORK _bPLENUM PRESS _c1977 |
||
| 300 | _a289P | ||
| 650 |
_aFLOW MEASUREMENT _979586 |
||
| 942 |
_cBK _2ddc |
||
| 999 |
_c584608 _d584608 |
||